INTERCATHEDRA `98 : Bulletin of plant-economic

Uložené v:
Podrobná bibliografia
Médium: Kniha
Vydavateľské údaje: Poznaň : University of Poznan, 1998
Tagy: Pridať tag
Žiadne tagy, Buďte prvý, kto otaguje tento záznam!

MARC

LEADER 00000nam a22000003a 4500
001 stu117040
005 20150408182324.0
008 060428s1998----pl----------------------d
020 |a 83-909214-0-5 
040 |a STU  |b slo 
041 0
044 |a pl 
245 |a INTERCATHEDRA `98 :  |b Bulletin of plant-economic 
260 |a Poznaň :  |b University of Poznan,  |c 1998 
996 |b 284M055851  |c M*Z-1350  |l MMKN  |s A  |a 24  |w stu117040_0001